000 02057nam a22003137a 4500
001 1522
003 FISKH
005 20250530110349.0
008 230901b cb ||||| |||| 00| 0 khr d
020 _a9789995054571
040 _aFISKH
_beng
_cFISKH
_dFISKH
082 _a294.380
100 _aLabbe, Brigitte
245 _aព្រះពុទ្ធ​ /
_cនិពន្ធដោយ Brigitte Labbe និង Michel Puech - រូបភាពដោយ​ Jean-Pierre Joblin
250 _aបោះពុម្ពលើកទី​ ៧ តុលា ២០២២​
260 _aPhnom Penh :
_bSipar,
_c2022.
300 _a44 pages :
_bcolor illustrations ;
_c20 cm
490 _aខ្ញុំចង់ដឹងជីវិតរបស់
505 _aZ'
520 _aនៅព្រះជន្ម ២៩ វស្សា ព្រះសិទ្ធត្ថ គោតម យាងចេញពីរាជវាំង ចាកចោលមហេសី និងរាជបុត្រ ហើយទៅគង់ក្នុងព្រៃ​។ ៦ឆ្នាំក្រោយមក ពេលគង់ភាវនាក្រោមដើមឈើ ទ្រង់បានសម្រេចការត្រាស់ដឹង។ ពន្លឺមួយបានចែងចាំងចេញពេីកាយព្រះអង្គ ហើយត្រៀមបំភ្លឺសត្វលោក។
520 _aIn his late 29th year, Gautama exiled himself from his palace, going away from his wife and son to live in the jungle. Six years later, he meditates under a tree to obtain enlightenment. A light shone from his body and was ready to illuminate the world.
521 8 _a1000
_bLexile estimate
521 8 _aZ'
_bRaz-Plus
650 _aយាងចេញ
_vព្រៃ​​​​​
_xភាវនា
_yត្រាស់ដឹ​ង
650 _aExile
_vJungle
_xMediate
_yEnlightenment
700 _aPuech, Michel
_eAuthor
700 _aJoblin Jean-Pierre
_eillustrator
942 _2ddc
_cKHB
_n0
999 _c1522
_d1522